000 01142nam0a22003011 4500
001 rc\2127884
005 20110829171739.6
035 _a(NLR Aleph) 006625425
090 _a7494500
_c7494500
100 _a20110829d1979 |||y0rusy50 ca
101 0 _arus
102 _aRU
105 _aa z |||||
200 1 _aОтчет о командировке в Австрию [для участия в работе Семинара по моделям регионального планирования и принятия решений. 1977 г.]
210 _aМосква
_cВИНИТИ
_d1979
215 _a48 с.
_cсхем.
_d21
300 _aНа 2-й с. авт.: д. э. н. А.Г. Гранберг
300 _aВ надзаг.: АН СССР, ВИНИТИ
320 _aСписок привез. лит.: с. 47-48
333 _aДСП. Экз. № 6
700 1 _aГранберг
_bА. Г.
_f1936-
_gАлександр Григорьевич
801 0 _aRU
_bNLR
_gpsbo
801 1 _aRU
_bELAR
_2rusmarc
852 _aNLR
_j79-50к/2498
899 _aRuMoRGB
_j23 79/778
899 _aRuMoRGB
_jДСП
942 _cBOOK
980 _aNB